000 00457nam a2200169Ia 4500
008 230524s9999 xx 000 0 und d
082 _a658.132
_bMET
100 _aRichard Metters
245 0 _aService Operations Management
250 _aIST
260 _aNEW DELHI
_bCengage
_c2006
300 _aX;361
500 _aQuantity Number: 17
650 _aManagement
700 _a" Kathryn King-Metters, Madeleine Pullman , Steve Walton,,"
942 _cBK
999 _c45535
_d45535